[Event "Polufinale CS 2015"]
[Site "Kragujevac"]
[Date "2015.03.09"]
[Round "1.1"]
[White "Sorgic, Dragan"]
[Black "Kovacevic, Aleksandar"]
[Result "0-1"]
[WhiteElo "2220"]
[BlackElo "2517"]
[PlyCount "56"]
[EventDate "2015.??.??"]

1. e4 c5 2. Nf3 d6 3. d4 cxd4 4. Nxd4 Nf6 5. Nc3 a6 6. Be3 e5 7. Nb3 Be6 8. h3
Nbd7 9. g4 Rc8 10. Qd2 h6 11. O-O-O b5 12. f4 Qc7 13. Rh2 Be7 14. Nd5 Bxd5 15.
exd5 exf4 16. Bxf4 Nb6 17. Bg2 O-O 18. Bf3 Nfd7 19. g5 hxg5 20. Bxg5 Ne5 21.
Nd4 Nbc4 22. Qg2 Bxg5+ 23. Qxg5 Nxf3 24. Nxf3 Nxb2 25. Qh5 Qc3 26. Ng5 Nd3+ 27.
Rxd3 Qxd3 28. Rg2 Rc4 0-1

[Event "Polufinale CS 2015"]
[Site "Kragujevac"]
[Date "2015.03.09"]
[Round "1.2"]
[White "Tadic, Branko"]
[Black "Stojanovic, Zlatko"]
[Result "1-0"]
[WhiteElo "2496"]
[BlackElo "2218"]
[PlyCount "55"]
[EventDate "2015.??.??"]

1. Nf3 d6 2. d4 Nc6 3. c4 g6 4. d5 Ne5 5. Nxe5 dxe5 6. Qa4+ Bd7 7. Qb3 Qc8 8.
Qc3 f6 9. e4 Bh6 10. Nd2 Bg7 11. h4 Nh6 12. h5 g5 13. b4 O-O 14. f3 g4 15. Nb3
Kh8 16. Nc5 Rg8 17. f4 Nf7 18. h6 Bf8 19. fxe5 Nxe5 20. Rh5 Rg6 21. Bf4 Nf7 22.
e5 fxe5 23. Bd3 Rf6 24. Bxe5 Nxe5 25. Qxe5 Be8 26. Rf5 Bxh6 27. Rxf6 exf6 28.
Qh2 1-0

[Event "Polufinale CS 2015"]
[Site "Kragujevac"]
[Date "2015.03.09"]
[Round "1.3"]
[White "Ugrenovic, Bozidar"]
[Black "Pavlovic, Milos"]
[Result "1/2-1/2"]
[WhiteElo "2194"]
[BlackElo "2482"]
[PlyCount "44"]
[EventDate "2015.??.??"]

1. Nf3 g6 2. c4 Bg7 3. Nc3 Nf6 4. e4 O-O 5. d4 d6 6. Be2 c5 7. O-O Re8 8. h3
cxd4 9. Nxd4 Nc6 10. Be3 Bd7 11. Nc2 b6 12. Qd2 Bc8 13. f4 Bb7 14. Bf3 Rc8 15.
Rac1 Qc7 16. Rfd1 Qb8 17. b3 Ba8 18. Na3 Rcd8 19. Nd5 Nd7 20. Nb5 Bb7 21. Qf2
h5 22. Qg3 Kh7 1/2-1/2

[Event "Polufinale CS 2015"]
[Site "Kragujevac"]
[Date "2015.03.09"]
[Round "1.4"]
[White "Markovic, Miroslav"]
[Black "Djokic, Nebojsa"]
[Result "1-0"]
[WhiteElo "2481"]
[BlackElo "2186"]
[PlyCount "58"]
[EventDate "2015.??.??"]

1. e4 c5 2. c3 Nf6 3. e5 Nd5 4. g3 Nc6 5. Bg2 e6 6. Nf3 d6 7. exd6 Bxd6 8. O-O
O-O 9. Na3 b6 10. Re1 Bb7 11. Nc4 Rc8 12. a4 Be7 13. d3 Bf6 14. Qb3 Qc7 15. a5
Rfd8 16. Bg5 Ba8 17. Bxf6 gxf6 18. axb6 Nxb6 19. Qc2 Nxc4 20. dxc4 Ne7 21. Red1
Bxf3 22. Bxf3 Ng6 23. Be2 Rxd1+ 24. Rxd1 Rd8 25. Ra1 f5 26. b4 Rb8 27. Qd2 Ne5
28. Ra5 Nxc4 29. Qg5+ Kf8 1-0

[Event "Polufinale CS 2015"]
[Site "Kragujevac"]
[Date "2015.03.09"]
[Round "1.5"]
[White "Petrovic, Dragan R"]
[Black "Zajic, Milan"]
[Result "0-1"]
[WhiteElo "2180"]
[BlackElo "2475"]
[PlyCount "74"]
[EventDate "2015.??.??"]

1. e4 e6 2. d4 d5 3. exd5 exd5 4. Nf3 Nc6 5. h3 Bf5 6. c3 Bd6 7. Bd3 Qd7 8.
Bxf5 Qxf5 9. O-O Nge7 10. Na3 Bxa3 11. bxa3 O-O 12. Be3 Rfe8 13. Nh4 Qd7 14.
Qd3 Na5 15. Rae1 Nc4 16. Bc1 Ng6 17. Nf5 Re6 18. f4 Rae8 19. Rxe6 fxe6 20. Ng3
Ne7 21. Nh5 Nf5 22. g4 Qf7 23. Qf3 Nfd6 24. f5 exf5 25. gxf5 Ne4 26. Qg4 Kh8
27. Kh2 g6 28. Ng3 Nxg3 29. Qxg3 Re2+ 30. Kh1 Nd6 31. Qd3 Ne4 32. Qf3 Rxa2 33.
Bf4 Qxf5 34. Be5+ Kg8 35. Qxf5 gxf5 36. Rxf5 c6 37. Rf4 Nf2+ 0-1

[Event "Polufinale CS 2015"]
[Site "Kragujevac"]
[Date "2015.03.09"]
[Round "1.6"]
[White "Milanovic, Danilo"]
[Black "Pecinar, Zoran"]
[Result "1-0"]
[WhiteElo "2471"]
[BlackElo "2169"]
[PlyCount "115"]
[EventDate "2015.??.??"]

1. d4 Nf6 2. c4 g6 3. Nc3 Bg7 4. e4 d6 5. Bg5 c5 6. d5 h6 7. Be3 O-O 8. f3 Na6
9. Qd2 Kh7 10. Bd3 Nc7 11. a4 Bd7 12. Nge2 Rb8 13. O-O b6 14. h3 a6 15. f4 b5
16. e5 b4 17. Nd1 Ng8 18. Ng3 dxe5 19. f5 Nf6 20. Nf2 b3 21. Ng4 e4 22. Nxe4
Nxg4 23. hxg4 Ne8 24. Nxc5 Nf6 25. g5 Ng4 26. fxg6+ fxg6 27. Rxf8 Bxf8 28. Be2
Nxe3 29. Qxe3 Bg7 30. Nxb3 h5 31. a5 Bf5 32. Rf1 e6 33. Nd4 Rxb2 34. Nxf5 exf5
35. Bf3 Qxa5 36. Rd1 Qb4 37. d6 Rb3 38. Qf2 Rb1 39. Qf1 Bd4+ 40. Rxd4 Rxf1+ 41.
Kxf1 Qc5 42. Rd1 Qxc4+ 43. Kg1 Qc5+ 44. Kh1 Qc8 45. d7 Qd8 46. Bc6 Kg7 47. Kh2
h4 48. Rd3 Kf7 49. Kh3 Ke7 50. Rd2 a5 51. Rd3 Kf7 52. Bb5 Ke7 53. Ba4 Kf7 54.
Bc6 Ke7 55. Rd1 Kf7 56. Kxh4 Qb8 57. Kh3 Qb3+ 58. Bf3 1-0

[Event "Polufinale CS 2015"]
[Site "Kragujevac"]
[Date "2015.03.09"]
[Round "1.7"]
[White "Radosavljevic, Slobodan D"]
[Black "Abramovic, Bosko"]
[Result "0-1"]
[WhiteElo "2156"]
[BlackElo "2462"]
[PlyCount "66"]
[EventDate "2015.??.??"]

1. Nf3 Nf6 2. g3 b6 3. Bg2 Bb7 4. O-O e6 5. c4 Be7 6. Nc3 O-O 7. d3 c5 8. Bf4
d6 9. a3 Nc6 10. Qa4 Qc8 11. e4 Nd7 12. Rfc1 Nde5 13. Ne1 Bf6 14. Qd1 Qd7 15.
Rab1 Nd4 16. b4 g6 17. Be3 Nec6 18. f4 Bg7 19. h4 f5 20. Kh2 e5 21. Nd5 Rae8
22. b5 Nd8 23. exf5 Nxf5 24. Bf2 exf4 25. Nxf4 Nxh4 26. Bxb7 Qxb7 27. Qg4 Nf5
28. Neg2 Nf7 29. Nd5 Ne5 30. Qd1 h5 31. Kg1 Ng4 32. Ngf4 Qf7 33. Qf3 Nd4 0-1

[Event "Polufinale CS 2015"]
[Site "Kragujevac"]
[Date "2015.03.09"]
[Round "1.8"]
[White "Antic, Dejan"]
[Black "Zivanovic, Nenad"]
[Result "1-0"]
[WhiteElo "2457"]
[BlackElo "2136"]
[PlyCount "89"]
[EventDate "2015.03.09"]

1. d4 Nf6 2. c4 e6 3. g3 d5 4. Nf3 Nbd7 5. Bg2 Be7 6. O-O O-O 7. Nc3 b6 8. Ne5
Bb7 9. Qa4 Nxe5 10. dxe5 Ne4 11. cxd5 Nxc3 12. bxc3 Bxd5 13. Rd1 Qe8 14. Qxe8
Rfxe8 15. Bxd5 exd5 16. Rxd5 Rad8 17. Rxd8 Rxd8 18. Be3 Rd5 19. f4 Bc5 20. Kf2
Kf8 21. c4 Bxe3+ 22. Kxe3 Ra5 23. a4 g6 24. Kd4 Ke7 25. Kc3 Ke6 26. Kb3 a6 27.
Rd1 Rc5 28. e4 Rc6 29. Rd5 Ke7 30. h4 h5 31. Kc3 Ke8 32. Kd3 Ke7 33. f5 Ke8 34.
Kd4 Ke7 35. Kc3 Ke8 36. Kb4 Ke7 37. a5 Ke8 38. c5 Ke7 39. Kb3 Ke8 40. cxb6 cxb6
41. Rd6 Rxd6 42. exd6 b5 43. fxg6 fxg6 44. Kc3 Kd7 45. e5 1-0

[Event "Polufinale CS 2015"]
[Site "Kragujevac"]
[Date "2015.03.09"]
[Round "1.9"]
[White "Jokic, Miodrag"]
[Black "Ristic, Nenad"]
[Result "0-1"]
[WhiteElo "2100"]
[BlackElo "2437"]
[PlyCount "74"]
[EventDate "2015.03.09"]

1. d4 Nf6 2. Nf3 g6 3. c4 Bg7 4. Nc3 d5 5. e3 O-O 6. cxd5 Nxd5 7. Bc4 Nxc3 8.
bxc3 c5 9. O-O Nc6 10. Qe2 e5 11. Ba3 b6 12. dxc5 Qe7 13. Qb2 b5 14. Bxb5 Rb8
15. Qe2 Bd7 16. Rab1 Rfe8 17. e4 f5 18. Bc4+ Kh8 19. Bd5 g5 20. h4 gxh4 21. Nd2
Qg5 22. Nc4 Bf8 23. Bxc6 Bxc6 24. Rxb8 Rxb8 25. Nxe5 Be8 26. f4 Qg3 27. Bb4 a5
28. Rf3 Qg8 29. Bxa5 Bxc5+ 30. Kh2 Ra8 31. Bc7 Rxa2 32. Qf1 fxe4 33. Nd7 Rxg2+
34. Qxg2 Qxg2+ 35. Kxg2 exf3+ 36. Kxf3 Bxd7 37. Bd8 h3 0-1

[Event "Polufinale CS 2015"]
[Site "Kragujevac"]
[Date "2015.03.09"]
[Round "1.11"]
[White "Dodic, Dragan"]
[Black "Radovanovic, Nikola"]
[Result "0-1"]
[WhiteElo "2060"]
[BlackElo "2399"]
[PlyCount "72"]
[EventDate "2015.03.09"]

1. d4 Nf6 2. c4 g6 3. Nc3 Bg7 4. e4 d6 5. h3 O-O 6. Nf3 e5 7. d5 Nh5 8. g3 f5
9. exf5 gxf5 10. Bg5 Qe8 11. Be2 Na6 12. Qd2 Nc5 13. Nh4 Nf6 14. f3 Nh5 15. Rg1
Kh8 16. Be3 Bf6 17. O-O-O Nxg3 18. Ng2 Nxe2+ 19. Qxe2 Bd7 20. Ne1 b6 21. Bg5
Bxg5+ 22. Rxg5 Rg8 23. Qg2 Qe7 24. h4 h6 25. Rxg8+ Rxg8 26. Qf2 a5 27. Ne2 f4
28. Nd3 Nxd3+ 29. Rxd3 Bh3 30. Qe1 Qf6 31. Nc3 Bf5 32. Rd2 Rg3 33. Ne4 Bxe4 34.
Qxe4 Qg6 35. Qe2 Rg1+ 36. Rd1 Rg2 0-1

[Event "Polufinale CS 2015 SRBIJE"]
[Site "Kragujevac"]
[Date "2015.03.09"]
[Round "1.12"]
[White "Zlatanovic, Boroljub"]
[Black "Djuricic, Dejan"]
[Result "1-0"]
[WhiteElo "2382"]
[BlackElo "2019"]
[PlyCount "59"]
[EventDate "2015.03.09"]

1. Nc3 e6 2. e4 d5 3. Nf3 Nf6 4. d3 dxe4 5. Nxe4 Nxe4 6. dxe4 Qxd1+ 7. Kxd1 Bc5
8. Ke1 Nc6 9. c3 a5 10. a4 Bd7 11. Bb5 Nb8 12. Ne5 f6 13. Nd3 Bb6 14. Ke2 Bxb5
15. axb5 Nd7 16. Rd1 Nc5 17. Nxc5 Bxc5 18. b4 Bb6 19. c4 Ra7 20. c5 axb4 21.
Be3 Ba5 22. c6 b6 23. Rd7 O-O 24. Kd3 Rf7 25. Kc4 Ra8 26. Rad1 Re8 27. e5 Rfe7
28. Bf4 Kf7 29. exf6 gxf6 30. Bxc7 1-0

[Event "Polufinale CS 2015 SRBIJE"]
[Site "Kragujevac"]
[Date "2015.03.09"]
[Round "1.13"]
[White "Knezevic, Veljko"]
[Black "Rabrenovic, Vladan"]
[Result "0-1"]
[WhiteElo "2015"]
[BlackElo "2373"]
[PlyCount "70"]
[EventDate "2015.03.09"]

1. d4 d6 2. Nf3 g6 3. g3 Bg7 4. Bg2 f5 5. O-O Nf6 6. c4 O-O 7. Nc3 c6 8. b3 Qe8
9. Ba3 Na6 10. Rc1 Rb8 11. b4 Nc7 12. Qb3 Kh8 13. d5 e5 14. dxe6 Bxe6 15. Rfd1
d5 16. b5 dxc4 17. Qb1 cxb5 18. Bxf8 Bxf8 19. e4 b4 20. e5 Nd7 21. Ne2 Nb5 22.
Nfd4 Na3 23. Qa1 c3 24. Nf4 Nc5 25. Ndxe6 Nxe6 26. Nd5 Rc8 27. Nf6 Qb5 28. Rd5
Bc5 29. Rd7 Nf8 30. Rcd1 Qe2 31. Qc1 Bxf2+ 32. Kh1 Be3 33. Qa1 Bd2 34. Rd5 Nc2
35. Qb1 Ne3 0-1

[Event "Polufinale CS 2015 SRBIJE"]
[Site "Kragujevac"]
[Date "2015.03.09"]
[Round "1.14"]
[White "Pavlovic, Goran"]
[Black "Jevtic, Miroljub"]
[Result "1/2-1/2"]
[WhiteElo "2368"]
[BlackElo "1998"]
[PlyCount "94"]
[EventDate "2015.03.09"]

1. d4 d5 2. Nf3 Nf6 3. c4 c6 4. Nc3 g6 5. cxd5 cxd5 6. Bf4 a6 7. e3 Bg7 8. Be2
O-O 9. O-O Nc6 10. Rc1 Nh5 11. Bg5 h6 12. Bh4 Bf6 13. Bxf6 Nxf6 14. Ne5 Qd6 15.
f4 Bf5 16. g4 Be4 17. Qe1 Kg7 18. g5 Nd7 19. Nxe4 dxe4 20. Nxc6 bxc6 21. Qc3
hxg5 22. d5+ f6 23. dxc6 Nb6 24. fxg5 Rh8 25. Rf2 Rh4 26. Qc5 Qc7 27. Qd4 Rf8
28. gxf6+ Rxf6 29. Rcf1 Qxc6 30. Rf4 Rhxf4 31. Rxf4 Nd5 32. Rxf6 Nxf6 33. Qc3
Qd6 34. b4 Kh7 35. Qc5 Qe6 36. Kf2 Kh6 37. a4 Nd5 38. Qd4 Nf6 39. b5 axb5 40.
axb5 Qf5+ 41. Ke1 Kh7 42. Qb4 Nd5 43. Qc5 Qe5 44. Qd4 Qg5 45. Kd2 Nf6 46. b6
Qa5+ 47. Kd1 e5 1/2-1/2

[Event "Polufinale CS 2015 SRBIJE"]
[Site "Kragujevac"]
[Date "2015.03.09"]
[Round "1.15"]
[White "Bozilov, Dragan"]
[Black "Novoselski, Zoran"]
[Result "1/2-1/2"]
[WhiteElo "1979"]
[BlackElo "2365"]
[PlyCount "181"]
[EventDate "2015.03.09"]

1. d4 Nf6 2. c4 d6 3. Nc3 Nbd7 4. g3 e5 5. Bg2 Be7 6. Nf3 O-O 7. O-O c6 8. dxe5
dxe5 9. Ng5 Qc7 10. Qc2 Nc5 11. b4 Ne6 12. Nxe6 Bxe6 13. c5 a5 14. Ba3 axb4 15.
Bxb4 Nd5 16. a3 f5 17. Na4 e4 18. Nb6 Ra6 19. Rab1 Rd8 20. e3 Bf6 21. Nc4 Nxb4
22. axb4 Rd3 23. Na5 Bc3 24. Qa4 Rd2 25. Rfc1 Ra2 26. Qd1 Bxb4 27. Nxc6 Rd2 28.
Qe1 Rxc6 29. Rxb4 Rd5 30. Rcb1 Bc8 31. Rb5 Rdxc5 32. Rxc5 Rxc5 33. Bf1 Be6 34.
Qd2 Rd5 35. Qa2 Kf7 36. Bc4 Rd6 37. Bxe6+ Rxe6 38. Qd5 Qc6 39. Rxb7+ Kg6 40.
Qb3 Kh6 41. Qb2 Rf6 42. h4 Qd5 43. Kh2 Qd1 44. Ra7 Qf3 45. Rd7 Qg4 46. Qb7 f4
47. exf4 e3 48. f3 Qf5 49. Qd5 Qxd5 50. Rxd5 Re6 51. Rd1 Kg6 52. g4 Kf6 53. f5
Re7 54. Re1 h6 55. h5 Kg5 56. Kg3 e2 57. f4+ Kf6 58. Kf3 Ra7 59. Rxe2 Ra1 60.
Re6+ Kf7 61. Re2 Rf1+ 62. Rf2 Rg1 63. Rg2 Rf1+ 64. Kg3 Kf6 65. Rf2 Rg1+ 66. Kh3
Kf7 67. Rg2 Rf1 68. Kg3 Rh1 69. Kf3 Rf1+ 70. Ke3 Kf6 71. Rg3 Ra1 72. Ke4 Ra4+
73. Kf3 Ra1 74. Rg2 Ra3+ 75. Kf2 Ra4 76. Kg3 Ra3+ 77. Kh4 Rf3 78. Ra2 Rxf4 79.
Ra6+ Kf7 80. Rg6 Rf3 81. Ra6 Ke7 82. Re6+ Kf7 83. Rg6 Kf8 84. Rb6 Kf7 85. Ra6
Ke7 86. Rc6 Kf7 87. Rg6 Kf8 88. Rd6 Kf7 89. Re6 Kf8 90. Re5 Kf7 91. Re6 1/2-1/2

[Event "Polufinale CS 2015 SRBIJE"]
[Site "Kragujevac"]
[Date "2015.03.09"]
[Round "1.16"]
[White "Ratkovic, Milovan"]
[Black "Ilic, Slobodan S"]
[Result "1-0"]
[WhiteElo "2364"]
[BlackElo "1956"]
[PlyCount "65"]
[EventDate "2015.03.09"]

1. d4 Nf6 2. c4 e6 3. Nc3 d5 4. Nf3 Be7 5. Bf4 O-O 6. e3 b6 7. cxd5 Nxd5 8.
Nxd5 exd5 9. Bd3 c5 10. O-O Bb7 11. Qc2 h6 12. Rfd1 Nd7 13. Bf5 Nf6 14. Ne5 Qe8
15. Rac1 Bc8 16. dxc5 Bxf5 17. Qxf5 bxc5 18. Ng4 Nxg4 19. Qxg4 Qc6 20. Be5 Bf6
21. Bxf6 Qxf6 22. Rxc5 Qxb2 23. a4 Rad8 24. Rcxd5 Rxd5 25. Rxd5 Qa1+ 26. Rd1
Qa2 27. h3 Rb8 28. Qd7 Qc2 29. Rd2 Qb1+ 30. Kh2 a5 31. Qc7 Qb4 32. Rd4 Qb2 33.
Rf4 1-0

[Event "Polufinale CS 2015 SRBIJE"]
[Site "Kragujevac"]
[Date "2015.03.09"]
[Round "1.17"]
[White "Trpkovic, Miroljub"]
[Black "Misailovic, Nebojsa"]
[Result "0-1"]
[WhiteElo "1940"]
[BlackElo "2323"]
[PlyCount "62"]
[EventDate "2015.03.09"]

1. e4 c5 2. Nf3 d6 3. c3 Nf6 4. Be2 Nbd7 5. d3 g6 6. O-O Bg7 7. h3 b6 8. Re1
O-O 9. Nh2 Bb7 10. Nd2 Qc7 11. Bf1 d5 12. exd5 Nxd5 13. Ndf3 N7f6 14. Qe2 Rfe8
15. d4 cxd4 16. Nxd4 e5 17. Nb5 Qc6 18. Qc4 Qd7 19. Na3 a6 20. Qh4 Nh5 21. Be3
Nxe3 22. Rxe3 b5 23. Rae1 b4 24. g4 f5 25. Qg5 Bf6 26. Qh6 Qd6 27. R3e2 Ng3 28.
Rd2 Qe7 29. Qe3 Bg5 30. f4 exf4 31. Qxe7 Bxe7 0-1

[Event "Polufinale CS 2015 SRBIJE"]
[Site "Kragujevac"]
[Date "2015.03.09"]
[Round "1.18"]
[White "Zivkovic, Nemanja"]
[Black "Crnkovic, Predrag"]
[Result "1-0"]
[WhiteElo "2310"]
[BlackElo "1881"]
[PlyCount "63"]
[EventDate "2015.03.09"]

1. e4 e5 2. Nf3 Nc6 3. Bb5 a6 4. Ba4 f5 5. d3 Nf6 6. O-O d6 7. Re1 b5 8. Bb3
Na5 9. d4 Nxb3 10. axb3 fxe4 11. dxe5 dxe5 12. Qxd8+ Kxd8 13. Nxe5 Ke8 14. Nc3
Bb7 15. Bf4 Bb4 16. Nd3 c5 17. Bg5 Bxc3 18. bxc3 Rc8 19. b4 cxb4 20. cxb4 Rxc2
21. Nc5 Bd5 22. Red1 Bc4 23. Rxa6 Kf7 24. Bxf6 gxf6 25. Nxe4 Be6 26. Nd6+ Kg6
27. h3 Rd8 28. Rd3 Kh5 29. Rf3 Rc1+ 30. Kh2 Bc8 31. Nxc8 Rdxc8 32. Raxf6 1-0

[Event "Polufinale CS 2015 SRBIJE"]
[Site "Kragujevac"]
[Date "2015.03.09"]
[Round "1.19"]
[White "Ratkovic, Petar"]
[Black "Cvetkovic, Srdjan"]
[Result "0-1"]
[WhiteElo "1816"]
[BlackElo "2296"]
[PlyCount "58"]
[EventDate "2015.03.09"]

1. d4 Nf6 2. Nf3 d5 3. e3 Bf5 4. Bd3 Bxd3 5. Qxd3 Nbd7 6. O-O e6 7. Nbd2 Be7 8.
b3 O-O 9. Bb2 c5 10. Rfd1 Rc8 11. c4 dxc4 12. Nxc4 b5 13. Nce5 Nxe5 14. Nxe5
Qb6 15. dxc5 Bxc5 16. Qe2 Qb7 17. Rac1 Be7 18. h3 Nd5 19. Qf3 Bf6 20. Bd4 Rxc1
21. Rxc1 Rc8 22. Rxc8+ Qxc8 23. Qe2 a6 24. Qb2 Bxe5 25. Bxe5 f6 26. Bd6 Qc6 27.
Bg3 e5 28. e4 Nb4 29. f3 Nd3 0-1

[Event "Polufinale CS 2015 SRBIJE"]
[Site "Kragujevac"]
[Date "2015.03.09"]
[Round "1.20"]
[White "Ilic, Zoran S"]
[Black "Gagic, Miroljub"]
[Result "1-0"]
[WhiteElo "2295"]
[BlackElo "1803"]
[PlyCount "81"]
[EventDate "2015.03.09"]

1. Nf3 Nf6 2. c4 e6 3. g3 d5 4. d4 dxc4 5. Bg2 Nc6 6. O-O Rb8 7. e3 b5 8. Qe2
Bd7 9. Rd1 Bb4 10. e4 O-O 11. Nc3 Re8 12. Ne5 h6 13. Be3 a6 14. a3 Bf8 15. Nxd7
Qxd7 16. f4 Na5 17. e5 Nd5 18. Nxd5 exd5 19. Qf2 Nb3 20. Rab1 b4 21. axb4 Rxb4
22. h4 Reb8 23. f5 Na5 24. Qc2 Rb3 25. Bf4 Qb5 26. e6 Bd6 27. exf7+ Kxf7 28.
Bxd6 cxd6 29. Qe2 Re8 30. Qh5+ Kf8 31. Qg6 Re7 32. f6 gxf6 33. Rf1 Rf7 34. Rxf6
Qd7 35. Rxf7+ Qxf7 36. Rf1 Qxf1+ 37. Kxf1 Rxb2 38. Bxd5 Ke7 39. Qe6+ Kd8 40.
Qxd6+ Ke8 41. Bxc4 1-0

[Event "Polufinale CS 2015 SRBIJE"]
[Site "Kragujevac"]
[Date "2015.03.09"]
[Round "1.21"]
[White "Filipovic, Tomislav S"]
[Black "Irizanin, Radoje"]
[Result "0-1"]
[WhiteElo "1801"]
[BlackElo "2295"]
[PlyCount "77"]
[EventDate "2015.03.09"]

1. c4 e6 2. Nc3 d5 3. cxd5 exd5 4. d4 c6 5. Nf3 Bd6 6. g3 Nf6 7. Bg2 O-O 8. O-O
Nbd7 9. Qd3 Re8 10. Nd2 Bf8 11. Nb3 h6 12. h3 a5 13. a4 Nb6 14. Nd2 Be6 15. f4
c5 16. f5 Bd7 17. g4 Rc8 18. e3 c4 19. Qe2 Bb4 20. Ndb1 Qc7 21. Qf2 Bc6 22. Bd2
Nbd7 23. Bf3 Qd6 24. Kg2 Ne4 25. Bxe4 dxe4 26. Kh1 Nf6 27. Be1 Qd7 28. Qc2 Nh7
29. Bh4 Be7 30. Bg3 Ng5 31. Kg2 Bf6 32. Ne2 Nf3 33. Nbc3 Qe7 34. Rad1 Bg5 35.
Qc1 b6 36. Kh1 Bh4 37. Bf4 Bg5 38. Bg3 Bh4 39. Bf4 {...} 0-1

[Event "Polufinale CS 2015 SRBIJE"]
[Site "Kragujevac"]
[Date "2015.03.09"]
[Round "1.22"]
[White "Stojanovic, Andjelija"]
[Black "Gajic, Aleksa"]
[Result "1-0"]
[WhiteElo "2284"]
[BlackElo "1795"]
[PlyCount "55"]
[EventDate "2015.03.09"]

1. Nf3 d5 2. g3 Bf5 3. Bg2 Nf6 4. O-O e6 5. c4 Be7 6. Qb3 Qc8 7. cxd5 exd5 8.
Nc3 c6 9. d3 Nbd7 10. Qc2 Nb6 11. a4 a5 12. e4 dxe4 13. dxe4 Be6 14. Be3 Nc4
15. Bd4 c5 16. Bxf6 Bxf6 17. Nd5 Bxd5 18. exd5 Nd6 19. Rfe1+ Kf8 20. Ne5 b6 21.
Qb3 Rb8 22. Qf3 h5 23. Nc6 Rb7 24. Qf4 Qc7 25. Re2 Kg8 26. Rae1 Kh7 27. Re7 Qc8
28. Qxd6 1-0

[Event "Polufinale CS 2015 SRBIJE"]
[Site "Kragujevac"]
[Date "2015.03.09"]
[Round "1.23"]
[White "Zivkovic, Vladisa"]
[Black "Rajkovic, Mladen"]
[Result "0-1"]
[WhiteElo "1787"]
[BlackElo "2266"]
[PlyCount "62"]
[EventDate "2015.03.09"]

1. e4 c5 2. Nf3 e6 3. d4 cxd4 4. Nxd4 a6 5. Nc3 Qc7 6. Be3 Bb4 7. Qd2 Nf6 8. f3
d5 9. exd5 Nxd5 10. Nde2 Nxe3 11. Qxe3 O-O 12. O-O-O Bc5 13. Qg5 h6 14. Qh5 b5
15. Kb1 Bb7 16. Ne4 Be7 17. g4 Nd7 18. N2g3 Rac8 19. Bd3 Ne5 20. g5 Nxd3 21.
cxd3 Qc2+ 22. Ka1 hxg5 23. Nxg5 Bxg5 24. Qxg5 Bxf3 25. Nh5 Bxh5 26. Qxh5 Rc5
27. Qg4 Rfc8 28. a3 b4 29. Rhg1 g6 30. Qxb4 Rb5 31. Qd4 e5 0-1

[Event "Polufinale CS 2015 SRBIJE"]
[Site "Kragujevac"]
[Date "2015.03.09"]
[Round "1.24"]
[White "Jovanovic, Bojan P"]
[Black "Pavlasevic, Dragisa"]
[Result "1-0"]
[WhiteElo "2261"]
[BlackElo "1751"]
[PlyCount "75"]
[EventDate "2015.03.09"]

1. d4 e6 2. Nf3 f5 3. g3 Nf6 4. Bg2 Be7 5. O-O O-O 6. c4 d6 7. Nc3 a5 8. Re1
Ne4 9. Qc2 d5 10. Ne5 c6 11. f3 Nd6 12. cxd5 exd5 13. Be3 Nd7 14. Nd3 Nc4 15.
Bf2 Bg5 16. f4 Be7 17. Nxd5 Nd6 18. Nc3 Nf6 19. Qb3+ Kh8 20. Ne5 Qe8 21. Rad1
Nde4 22. Qc2 Bb4 23. Be3 Bxc3 24. bxc3 Be6 25. c4 b5 26. g4 g6 27. g5 Nd7 28.
d5 Nxe5 29. fxe5 cxd5 30. cxd5 Rc8 31. Qb2 Nc3 32. dxe6 Nxd1 33. Rxd1 f4 34. e7
Rf5 35. e6+ Kg8 36. Bb6 Qxe7 37. Rd7 Qf8 38. e7 1-0

[Event "Polufinale CS 2015 SRBIJE"]
[Site "Kragujevac"]
[Date "2015.03.09"]
[Round "1.25"]
[White "Kokic, Miljko"]
[Black "Stankovic, Ivan G"]
[Result "0-1"]
[WhiteElo "1536"]
[BlackElo "2243"]
[PlyCount "100"]
[EventDate "2015.03.09"]

1. e4 c5 2. Nf3 Nc6 3. Bb5 g6 4. Bxc6 dxc6 5. Nc3 Bg7 6. O-O e5 7. d3 Ne7 8. h3
b6 9. Be3 h6 10. Qd2 f5 11. exf5 Nxf5 12. Ne4 O-O 13. Rae1 Be6 14. b3 Qd7 15.
g4 Nxe3 16. Qxe3 Bxg4 17. hxg4 Qxg4+ 18. Ng3 Rxf3 19. Qe4 Qxe4 20. Rxe4 Raf8
21. Kg2 h5 22. Ne2 Kh7 23. Ng1 R3f4 24. f3 g5 25. Nh3 R4f5 26. Re2 g4 27. Ng1
Kg6 28. Ref2 Bh6 29. fxg4 hxg4 30. Rxf5 Rxf5 31. Rxf5 Kxf5 32. Ne2 Bf8 33. Kf2
Be7 34. Ng3+ Ke6 35. Ne2 Bh4+ 36. Ke3 Kf5 37. Nc3 Bg3 38. Ne2 Bf4+ 39. Kf2 e4
40. dxe4+ Kxe4 41. Nc3+ Kf5 42. Ke2 Be5 43. Nd1 Kf4 44. Ne3 Kg3 45. Kf1 Kf3 46.
Ng2 g3 47. a4 Bf6 48. Ne1+ Ke3 49. Kg2 Kd2 50. Kf1 Bc3 0-1

[Event "Polufinale CS 2015"]
[Site "?"]
[Date "2015.03.09"]
[Round "1.28"]
[White "Milosevic, Rade"]
[Black "Stojanovic, Vladimir M"]
[Result "1-0"]
[WhiteElo "2095"]
[BlackElo "1911"]
[PlyCount "89"]

1. Nf3 d5 2. d4 e6 3. c4 Nf6 4. cxd5 exd5 5. Nc3 c6 6. Bg5 Be7 7. Qc2 h6 8. Bh4
O-O 9. e3 Nbd7 10. Bd3 Re8 11. O-O Nf8 12. Rab1 a5 13. a3 Nh5 14. Bxe7 Rxe7 15.
b4 axb4 16. axb4 b6 17. Ne5 Bb7 18. Ne2 Qd6 19. Rfc1 Rc7 20. Qb2 Nf6 21. Ng3 g6
22. f4 Kg7 23. Rc3 N6d7 24. Ra3 Re8 25. Ra7 f6 26. Nxg6 Qe6 27. Re1 Nxg6 28.
Bxg6 Rb8 29. Qe2 Nf8 30. Bf5 Qe7 31. Qg4+ Kh8 32. Qh4 Qxb4 33. Qxf6+ Rg7 34.
Qxh6+ Kg8 35. Kf2 Qe7 36. h4 Re8 37. Rxb7 Qxb7 38. Nh5 Rf7 39. Nf6+ Rxf6 40.
Qxf6 Ra8 41. h5 b5 42. g4 b4 43. h6 b3 44. g5 Ra7 45. g6 1-0